La polémica entre el pintor Eugenio Fernández Granell, la AGEAR y el grupo Saker-ti : desencuentros ideológicos durante la primavera democrática guatemalteca /
Сохранить в:
| Главный автор: | |
|---|---|
| Формат: | |
| Язык: | Spanish |
| Опубликовано: |
Guatemala:
FLACSO: Guatemala,
2015.
|
| Редактирование: | Primera edición. |
| Предметы: | |
| Метки: |
Добавить метку
Нет меток, Требуется 1-ая метка записи!
|
MARC
| LEADER | 00000cam a2200000Ii 4500 | ||
|---|---|---|---|
| 001 | 11416486 | ||
| 005 | 20160407091406.0 | ||
| 008 | 150609s2015 gt a b 001 0 spa d | ||
| 020 | |a 9789929585386 | ||
| 020 | |a 9929585389 | ||
| 040 | |a CSt |b eng |c STF |d NUI |d IXA |d OCLCO |d CIICLA - UCR | ||
| 082 | |a 303.6 |b T176p | ||
| 100 | 1 | |a Taracena Arriola, Arturo, |e autor | |
| 245 | 1 | 3 | |a La polémica entre el pintor Eugenio Fernández Granell, la AGEAR y el grupo Saker-ti : |b desencuentros ideológicos durante la primavera democrática guatemalteca / |c Arturo Taracena Arriola. |
| 250 | |a Primera edición. | ||
| 260 | |a Guatemala: |b FLACSO: Guatemala, |c 2015. | ||
| 300 | |a 165 páginas : |b iustraciones ; |c 24 centímetros | ||
| 504 | |a Incluye referencias bibliográficas (páginas 123-130) e índice. | ||
| 505 | |t Presentación de la coyuntura -- El material para analizar la polémica -- La polémica entre Fernández Granell, la AGEAR el Grupo Saker-Ti -- La correspondencia de Fernández Granell y sus amigos sobre Guatemala -- Reflexion final -- Anexo fotográfico -- Índice onomástico. | ||
| 600 | 1 | 4 | |a GRANELL, EUGENIO FERNANDEZ |d 1912-2001 |x ASPECTOS POLITICOS |x ASPECTOS SOCIALES |
| 610 | 1 | 4 | |a GRUPO SAKER- TI |x ASPECTOS SOCIALES |x ASPECTOS POLITICOS |
| 610 | 1 | 4 | |a AGEAR (ARTIST GROUP) |x ASPECTOS POLITICOS |x ASPECTOS SOCIALES |
| 650 | 1 | 4 | |a ARTISTAS |z GUATEMALA |x HISTORIA |y SIGLO XX |
| 650 | 0 | |a ARTE Y SOCIEDAD |z GUATEMALA | |
| 651 | 1 | 4 | |a GUATEMALA |x VIDA INTELECTUAL |y SIGLO XX |
| 651 | 1 | 4 | |a GUATEMALA |x POLITICA Y GOBIERNO |y 1945-1985 |
| 653 | |a Guatemala |a Intellectual life | ||
| 942 | |2 ddc |c BK | ||
| 999 | |c 4606 |d 4606 | ||



